000 01062nam a2200289 i 4500
001 SSB062702
003 SISC
005 20170116090040.0
008 130829t20142014caua b 001 0 eng d
020 _a9781285051253 (instructor's edition)
020 _a1285051254 (instructor's edition)
020 _a9781133956570 (student edition)
020 _a1133956572 (student edition)
040 _aOSU
_beng
_erda
_cOSU
049 _aOSUU
050 4 _aHA 29
_b.G788 2014
100 1 _aGravetter, Frederick J.,
_eauthor.
245 1 0 _aEssentials of statistics for the behavioral sciences /
_cFrederick J. Gravetter and Larry B. Wallnau.
250 _a8th edition, Instructor's edition.
260 _aBelmont, CA :
_bWadsworth, Cengage Learning,
_c2014.
300 _axvi, 631 pages :
_bcolor illustrations ;
_c26 cm.
500 _a"Instructor's edition. Eighth edition"--Cover.
500 _aIncludes bibliographical references and index.
650 0 _aSocial sciences
_xStatistical methods.
700 1 _aWallnau, Larry B.,
_eauthor.
942 _2lcc
_cBK
999 _c288407
_d288407